000 00301nam a2200109Ia 4500
008 180205s9999 xx 000 0 und d
020 _a9712311058
100 _aDe leon, Emmanuel B.
245 _aIndustrial psychology /
260 _aRecto Avenue City
_bREX book store
_c1993
300 _aiii, 346 pages
999 _c354802
_d354802